Statistics for Name a Valid Country #10

Click here to take the quiz!

General Stats

  • This quiz has been taken 1,311 times
    (1,272 since last reset)
  • The average score is 16 of 20

Answer Stats

Name a country...Answer% Correct
whose name is the same as its capital cityAndorra | Algeria | Brasil | Djibouti | Guatemala | Guinea-Bissau | Kuwait | Luxembourg | Mexico | Monaco | Panama | San Marino | Sao Tome and Principe | Singapore | Tunisia | Vatican City
99%
in South America that does not share a border with BrazilChile | Ecuador
97%
that only borders one other countryBrunei | Canada | Cyprus | Denmark | Dominican Republic | East Timor | Gambia | Haiti | Ireland | Lesotho | Monaco | Papua New Guinea | Portugal | Qatar | San Marino | South Korea | United Kingdom | Vatican City
95%
whose name ends in -STANAfghanistan | Kazakhstan | Kyrgyzstan | Pakistan | Tajikistan | Turkmenistan | Uzbekistan
94%
with more than 10,000,000 vegetariansBrazil | China | India | Japan | Mexico | United States
93%
in Asia that Barack Obama made official visits toAfghanistan | Cambodia | China | India | Indonesia | Iraq | Israel | Japan | Jordan | Laos | Malaysia | Myanmar | Philippines | Saudi Arabia | Singapore | South Korea | Thailand | Turkey
92%
in the Americas whose official language is neither English nor SpanishBrazil | Haiti | Suriname
91%
with more than 1,000 species of birdsArgentina | Brazil | China | Colombia | Democratic Republic of Congo | Ecuador | India | Indonesia | Kenya | Mexico | Myanmar | Tanzania | Venezuela
87%
with orange on its flagBhutan | India | Ireland | Ivory Coast | Niger | Sri Lanka
87%
that is a candidate to join the EUAlbania | Montenegro | North Macedonia | Serbia | Turkey
83%
that is part of the G20, but not the G7Argentina | Australia | Brazil | China | India | Indonesia | Mexico | Russia | Saudi Arabia | South Africa | South Korea | Turkey
83%
outside of Europe that has never been colonised by a European powerAfghanistan | Bhutan | Iran | Japan | Liberia | Mongolia | Nepal | North Korea | South Korea | Thailand
81%
where Zoom has been bannedCuba | Iran | North Korea | Sudan | Syria | Ukraine (Crimea Region)
81%
that bordered Madagascar in the supercontinent PangeaComoros | India | Kenya | Mauritius | Mozambique | Seychelles | Somalia | Sri Lanka | Tanzania
80%
whose current flag was officially adopted in 21st centuryAfghanistan | Bahrain | Comoros | Democratic Republic of Congo | East Timor | Georgia | Iraq | Kosovo | Lesotho | Libya | Malawi | Mauritania | Montenegro | Myanmar | Rwanda | Serbia | South Sudan | Venezuela
78%
that touches the Kalahari DesertBotswana | Namibia | South Africa
73%
in Europe, but technically in the Third WorldAustria | Bosnia and Herzegovina | Croatia | Finland | Ireland | Kosovo | Liechtenstein | Montenegro | North Macedonia | Serbia | Slovenia | Sweden | Switzerland
72%
that is ruled by an emirKuwait | Qatar | United Arab Emirates
71%
where water accounts for more than 10% of total surface areaBahamas | Gambia | Eritrea | Finland | Guinea-Bissau | Liberia | Malawi | Marshall Islands | Netherlands | Taiwan | Uganda
57%
that has only ever won one Olympic medalBarbados | Botswana | Cyprus | Djibouti | Eritrea | Fiji | Gabon | Guatemala | Guyana | Iraq | Jordan | Kosovo | Mauritius | Montenegro | North Macedonia | Paraguay | Samoa | Senegal | Sudan | Togo | Tonga
53%

Score Distribution

Percentile by Number Answered

Percent of People with Each Score

Your Score History

You have not taken this quiz since the last reset